Statistiques concernant Les meilleurs buteurs de l'histoire du Sporting Portugal

Cliquez ici pour prendre le quiz!

Statistiques générales

  • Ce quiz a été pris 20 fois
  • Le résultat moyen est 5 sur 10

Statistiques - réponses

ButsNationalitéJoueur% Correct
61AlgerieIslam Slimani
84%
93Pays-BasBas Dost
74%
63PortugalBruno Fernandes
74%
73PortugalPedro Gonçalves
58%
164Brésil / PortugalLiedson
53%
46ColombieFredy Montero
47%
67BrésilJardel
42%
45PortugalPaulinho
37%
39France / PortugalAdrien Silva
26%
43Pays-BasRicky van Wolfswinkel
16%

Distribution des résultats

Percentile par nombre de réponses

% des personnes avec chaque résultat

Votre développement - résultats

Vous n’avez pas pris ce quiz